000 00530nam a2200229Ia 4500
005 20250425160826.0
008 250425s9999 xx 000 0 und d
020 _a0827022271
041 _aspa
082 _a513
100 _aR.GENTILE, ENZO
245 0 _aARITMETICA ELEMENTAL
250 _a1A ED.
260 _aEstados Unidos
_bOEA
_c1985
260 _aWASHINGTON
300 _a138
650 _aALGORITMOS INFORMATICOS
650 _aARITMETICA
650 _aECUACIONES LINEALES
942 _c01
010 _a6207
999 _c196929
_d196929